| 000 | 00528nam a22001817a 4500 | ||
|---|---|---|---|
| 999 |
_c11341 _d11341 |
||
| 003 | AR-CdUCM | ||
| 008 | 190403b ||||| |||| 00| 0 spa d | ||
| 040 |
_aMUNICIPALIDAD PROVINCIAL DEL CUSCO _cBIBLIOTECA MUNICIPAL DEL CUSCO |
||
| 082 |
_aC / 869.56 / _bA91 |
||
| 100 |
_aAvendado Farfan, Angel _928661 |
||
| 245 | _aProntuario de un poeta encarcelado / | ||
| 260 |
_aCuzco : _c1963. |
||
| 300 |
_a32 páginas ; _c11 cm. |
||
| 505 | _aPoesía. | ||
| 650 |
_aPoesía cusqueña. _92323 |
||
| 942 |
_2ddc _cLIBROS |
||
| 945 | _awfj | ||